Periodismo y literatura / (Registro nro. 14428)

Detalles MARC
000 -LIDER
fixed length control field 01026nam a2200277 a 4500
001 - NÚMERO DE CONTROL
Identificador de número de control 000029508
003 - IDENTIFICACDOR DE NÚMERO DE CONTROL
control field OSt
005 - DATE AND TIME OF LATEST TRANSACTION
control field 20230718101838.0
008 - ELEMENTOS DE LONGITUD FIJA
fixed length control field 110418s2002 dr a 000 0 spa d
040 ## - FUENTE DE CATALOGACIÓN
Agencia que crea de manera original el registro DO-SdBNP
Idioma de catalogación spa
Agencia que realiza la transcripción BPMSU
082 #4 - NÚMERO DE CLASIFICACIÓN DECIMAL DE DEWEY
Classification number RD864
Item number H519p 2002
Edition number 22
100 1# - ASIENTO PRINCIPAL -- NOMBRE PERSONAL
Nombre personal Henríquez Gratereaux, Federico,
Fechas asociadas con el nombre 1937-
245 10 - MENCIÓN DE TITULO
Título Periodismo y literatura /
Mención de responsabilidad Federico Henríquez Gratereaux, Andrés L. Mateo, José Mármol
260 ## - PUBLICACIÓN, DISTRIBUCIÓN, ETC. (PIE DE IMPRENTA)
Lugar de publicación, distribución, etc Santo Domingo :
Nombre del editor, distribuidor, etc. Biblioteca Nacional Pedro Henríquez Ureña.
Fecha de publicación, distribución, etc 2002
300 ## - DESCRIPCIÓN FÍSICA
Extensión 52 p. ;
Dimensiones 21 cm.
Otros detalles físicos
490 0# - MENCIÓN DE SERIES
Mención de serie Biblioteca Nacional Pedro Henríquez Ureña ;
-- Monográfica Para la Libertad,
Volume/sequential designation 3
590 ## - NOTA LOCAL
Enlace Inventariado, 2023/VM
650 #4 - ENCABEZAMIENTO DE MATERIA--TEMÁTICO
Término temático o nombre geográfico como elemento de entrada Ensayos dominicanos
650 #4 - ENCABEZAMIENTO DE MATERIA--TEMÁTICO
Término temático o nombre geográfico como elemento de entrada Periodismo
Subdivisión temática general Crítica e interpretación
650 #4 - ENCABEZAMIENTO DE MATERIA--TEMÁTICO
Término temático o nombre geográfico como elemento de entrada Literatura dominicana
Subdivisión temática general Crítica e interpretación
--
650 #4 - ENCABEZAMIENTO DE MATERIA--TEMÁTICO
Término temático o nombre geográfico como elemento de entrada Periodismo y Literatura
Subdivisión temática general Estudios comparados
700 1# - ASIENTO SECUNDARIO -- NOMBRE PERSONAL
Nombre personal Mateo, Andrés L
700 1# - ASIENTO SECUNDARIO -- NOMBRE PERSONAL
Nombre personal Mármol, José
910 ## - VALIDACIÓN
Validación VMateo V. Control de calidad. BPMSU
942 ## - ADDED ENTRY ELEMENTS (KOHA)
Source of classification or shelving scheme Dewey Decimal Classification
Koha item type Libros
Existencias
Withdrawn status Lost status Source of classification or shelving scheme Damaged status Not for loan Collection code Home library Current library Date acquired Total Checkouts Full call number Barcode Date last seen Price effective from Koha item type Copy number
    Dewey Decimal Classification     Colección Dominicana Biblioteca Pública Metropolitana Salomé Ureña Biblioteca Pública Metropolitana Salomé Ureña 07/18/2023   BPMSU CD RD864 H519p 2002 BPMSU23070040 07/18/2023 07/18/2023 Libros  
    Dewey Decimal Classification     Colección Dominicana Biblioteca Pública Metropolitana Salomé Ureña Biblioteca Pública Metropolitana Salomé Ureña 07/18/2023   BPMSU CD RD864 H519p 2002 BPMSU25060116 06/25/2025 07/18/2023 Libros e.2